Turistická chata vo Vrátnej

Zobrazenie: V bielom orámovaní pohľad od dola na turistickú chatu vo Vrátnej doline s oplotením a cestičkou na ktorej stojí automobil

Bibliographic Details
Format: Postcard
Language:Slovak
PhysicalDescription:1 pohľadnica čiernobiela 9 x 14 cm
Published: [Bratislava] Slovakotour 1946
Subjects:

MARC

LEADER 00000nkm a2200000 a 4500
001 vtls011973173
003 SK-MaSNL
005 20260512123143.0
007 kp bo
008 231120s1946 xo g kuslo
015 |a SNBG1946 
035 |a urn:nbn:sk:snk-km00eios 
035 |a urn:nbn:sk:snk-km45wsb 
035 |a 21A090B2-D8A5-49FF-9AF6-0896B75CCE4E 
040 |a SNK  |b slo  |c SNK  |e AACR2 
041 0 |a slo 
043 |a e-xo--- 
044 |a xo  |c SK 
072 7 |a 913  |x Regionálna geografia  |2 konspekt 
080 |a 796.5:640.41  |2 2011 
080 |a 913(437.6)  |2 2011 
080 |a (084.121)  |2 2011 
080 |a 908(437.6)  |2 2011 
080 |a (234.372.4)  |2 2011 
245 0 0 |a Turistická chata vo Vrátnej  |h grafika 
260 |a [Bratislava]  |b Slovakotour  |c 1946  |e Holice  |f Grafo Čuda 
300 |a 1 pohľadnica  |b čiernobiela  |c 9 x 14 cm 
520 8 |a Zobrazenie: V bielom orámovaní pohľad od dola na turistickú chatu vo Vrátnej doline s oplotením a cestičkou na ktorej stojí automobil 
650 0 7 |a turistické chaty  |2 SNKPH  |9 71107 
651 7 |a Vrátna dolina (Slovensko)  |2 SNKPH  |9 160644 
651 7 |a Malá Fatra (Slovensko : pohorie)  |2 SNKPH  |9 56372 
655 7 |a miestne pohľadnice  |2 SNKPH  |9 70510 
655 7 |a geografické pohľadnice  |2 SNKPH  |9 70522 
852 |a Slovenská národná knižnica 
954 |a pohľadnice pôvodné (slovenské)  |2 lita 
954 |a pohľadnice cudzojazyčné (svetové)  |2 lita 
958 |a GC 
958 |a OND 
958 |a GBN 
958 |a EUIPO 
999 |c 693913  |d 695843 
952 |a SNK  |b SNK  |y PREZ  |7 0  |p 17A1378802  |o snkSP 61757  |0 0  |1 0  |4 0  |d 2020-06-10  |f 1  |l 0  |r 2026-02-23 20:35:03  |w 2026-02-23